Alcances y limitaciones de la filosofía política y moral de John Rawls: a manera de presentación /
Spremljeno u:
| Glavni autor: | |
|---|---|
| Format: | Tekst |
| Oznake: |
Dodaj oznaku
Bez oznaka, Budi prvi tko označuje ovaj zapis!
|
MARC
| LEADER | 00000 a a2200000 04500 | ||
|---|---|---|---|
| 001 | 47652 | ||
| 003 | |||
| 040 | |||
| 100 | |a Solís Umaña, Mario | ||
| 245 | |a Alcances y limitaciones de la filosofía política y moral de John Rawls: |b a manera de presentación / |c Mario Solís Umaña | ||
| 773 | |g volumen52, número132, (2013), páginas 47-52 | ||
| 999 | |c 23356 |d 23356 | ||
